01167nab a22002177a 4500999001500000003000400015005001700019008004100036040000700077100003500084245011800119260007200237300001500309500003800324505028800362505008900650650002600739650002700765773014400792942001300936 c5715d5715OSt20251231000130.0190605e xxu||||| |||| 00| 0 spa d cPJ 96640aDi Giorgio, Federico H. 13a¿Hacia un quietus en la situación del delegado gremial en condiciones de jubilarse? /cFederico H. Di Giorgio. aCiudad Autónoma de Buenos Aires :bThomson Reuters La Ley,c2024. ap. 215-226 aCita: TR LALEY AR/DOC/2042/2024  aSumario: I. Introducción.— II. La res. CSJN 777/2024. Antecedentes y Resolución.— III. Evolución de la jurisprudencia relacionada con el trabajador en ejercicio de tutelas gremiales y en condiciones de jubilarse.— IV. La solución de la CSJN en el Expediente 6132/2023.  t¿Te interesa el texto completo? Solicitalo al correo: koha@justierradelfuego.gov.ar 091316aDERECHO LABORAL 091395aSEGURIDAD SOCIAL0 0271193168dCiudad Autónoma de Buenos Aires : Thomson Reuters La Ley, 1999-2002.tRevista de derecho del trabajo. Nº 5 - Septiembre 2024 2udccANA